000 00480nam a2200193 a 4500
005 20210219153005.0
008 991125n 000 0 u
035 _aUPN01000071661
100 _aMANCIAUX, Michel
222 _aCORREO DE LA UNESCO
245 _aEl derecho a expresarse
300 _a12-15
362 _a1991 Año 44, oct.
653 0 _aDERECHOS HUMANOS
653 0 _aLIBERTAD DE EXPRESION
653 0 _aNIÑOS
904 _aAC
_b009472
905 _aArticulo
999 _c65656
_d65656